000
00308nam a22001457a 4500
008
231101b ||||| |||| 00| 0 eng d
020
_a
0801850363
041
_a
eng
080
_a
61
082
_a
61SCH
100
_a
5
101
_a
MJEP
245
_a
WRONG MEDICINE
_c
SCHNEIDERMAN.J,L
942
_2
udc
_c
BK
999
_c
60479
_d
60479